| 000 | 00722nam a2200241 a 4500 | ||
|---|---|---|---|
| 008 | |||
| 020 | _a0534931502 (cased) | ||
| 049 | _aMAIN | ||
| 090 | _aQA276.A2 | ||
| 100 | 1 | _aOtt, Lyman. | |
| 245 | 1 | 3 |
_aAn introduction to statistical methods and data analysis / _cR. Lyman Ott. |
| 250 | _a4th ed. | ||
| 260 |
_aBelmont, Calif. : _bDuxbury Press, _c1993. |
||
| 300 |
_axviii, 1051, 132 p. : _bill. ; _c25 cm. |
||
| 504 | _aIncludes bibliographical references. | ||
| 500 | _aIncludes index. | ||
| 650 | 0 | _aMathematical statistics. | |
| 907 |
_a.b10040444 _b10-05-08 _c17-04-03 |
||
| 003 | |||
| 005 | 20230123133543.0 | ||
| 040 | _cNUST | ||
| 942 |
_cBOOKS _kQA276.A2 |
||
| 999 |
_c150618 _d150618 |
||